000 00498cam a22001457a 4500
008 180718b1912 xxu||||| |||| 00| 0 eng d
082 _aA99 F862
100 _aFraser, Andrew H.L.
245 _aAmong Indian rajahs and ryots: a civil servant's recollections & impressions of thirty-seven years of work and sport
_cby Androw H.L. Fraser
250 _a3rd ed.
260 _aLondon
_bSeeley Service
_c1912
300 _a375+p.
650 _aCivil Service - India
650 _aIndai - Social Conditions
999 _c365859
_d365859